000 00309nam a22001217a 4500
008 180606b xxu||||| |||| 00| 0 eng d
041 _aeng
080 _a043.3
100 _a0
101 _aMBE-MTH
245 _aThe impact of innovations within the value chain of organizations
_cAhmeti,Sh
942 _2udc
_cBK
999 _c46420
_d46420